[Event "Irkutsk Region-ch"]
[Site "Irkutsk"]
[Date "2017.10.23"]
[Round "4"]
[White "Bahturin, Konstantin"]
[Black "Demikhov, Maxim"]
[Result "0-1"]
[WhiteElo "2069"]
[BlackElo "1985"]
[PlyCount "86"]
[EventDate "2017.10.21"]
[EventType "swiss"]
[EventRounds "9"]
[EventCountry "RUS"]
[SourceTitle "CBM 181 Extra"]
[Source "ChessBase"]
[SourceDate "2017.12.12"]
[SourceVersion "1"]
[SourceVersionDate "2017.12.12"]
[SourceQuality "1"]

1. d4 Nf6 2. c4 g6 3. f3 c5 4. d5 d6 5. Nc3 Bg7 6. e4 a6 7. Nge2 0-0 8. Bg5 b5 9. cxb5 axb5 10. Nxb5 Ba6 11. Nec3 Qa5 12. Bd2 Nbd7 13. Be2 Qb6 14. a4 Bxb5 15. Bxb5 e6 16. 0-0 exd5 17. exd5 c4+ 18. Kh1 Ne5 19. Qe2 Qc5 20. Be3 Qb4 21. Rab1 Nd3 22. Bd4 Rfe8 23. Bxe8 Rxe8 24. Qc2 Ng4 25. Bxg7 Ne3 26. Qd2 Nxf1 27. Rxf1 Kxg7 28. h3 Qxb2 29. Qxb2 Nxb2 30. Rb1 Re3 31. Rxb2 Rxc3 32. Rb6 Kf6 33. Rxd6+ Ke5 34. Rd7 Ra3 35. Rxf7 c3 36. Rxh7 c2 37. Rc7 Ra1+ 38. Kh2 c1Q 39. Rxc1 Rxc1 40. Kg3 Kxd5 41. Kf4 Ke6 42. Kg5 Kf7 43. f4 Rc5+ 0-1

[Event "Irkutsk Region-ch"]
[Site "Irkutsk"]
[Date "2014.10.22"]
[Round "5"]
[White "Fellenger, Alexander"]
[Black "Bahturin, Konstantin"]
[Result "1-0"]
[WhiteElo "2147"]
[BlackElo "2165"]
[PlyCount "70"]
[EventDate "2014.10.18"]
[EventType "tourn"]
[EventRounds "11"]
[EventCountry "RUS"]
[SourceTitle "CBM 163 Extra"]
[Source "ChessBase"]
[SourceDate "2014.12.23"]
[SourceVersion "1"]
[SourceVersionDate "2014.12.23"]
[SourceQuality "1"]

1. d4 d5 2. Nc3 Nf6 3. Bg5 e6 4. e4 dxe4 5. Nxe4 Be7 6. Bxf6 Bxf6 7. Nf3 Nd7 8. c3 0-0 9. Bd3 b6 10. Qe2 Bb7 11. 0-0-0 Be7 12. h4 Nf6 13. Nxf6+ gxf6 14. Kb1 Kg7 15. Rh3 Rh8 16. Nd2 Kf8 17. g4 c5 18. dxc5 bxc5 19. g5 fxg5 20. hxg5 Bxg5 21. Qe5 Bf6 22. Qxc5+ Qe7 23. Qe3 h5 24. Ne4 Bxe4 25. Bxe4 Rd8 26. Rg1 h4 27. Rf3 e5 28. c4 Rd4 29. Bd5 Rh5 30. Qb3 Rf4 31. Qb8+ Qd8 32. Qxa7 Be7 33. Rxf4 exf4 34. Qd4 Qb8 35. Qg7+ Ke8 1-0

[Event "Bratsk Region-ch"]
[Site "Bratsk"]
[Date "2013.10.23"]
[Round "5"]
[White "Asaturian, Ovanes"]
[Black "Bahturin, Konstantin"]
[Result "0-1"]
[WhiteElo "2066"]
[BlackElo "2149"]
[PlyCount "68"]
[EventDate "2013.10.19"]
[EventType "swiss"]
[EventRounds "9"]
[EventCountry "RUS"]
[SourceTitle "EXT 2014"]
[Source "ChessBase"]
[SourceDate "2013.11.20"]
[SourceVersion "1"]
[SourceVersionDate "2013.11.20"]
[SourceQuality "1"]

1. Nf3 d5 2. e3 Nf6 3. b3 Bf5 4. Bb2 e6 5. h3 h6 6. d4 Nbd7 7. Bd3 Ne4 8. 0-0 Bd6 9. Nbd2 0-0 10. c4 c6 11. Qc2 Nxd2 12. Nxd2 Bxd3 13. Qxd3 f5 14. f4 a5 15. a4 Qe7 16. Qe2 Bb4 17. Nf3 Nf6 18. Ne5 Qe8 19. Ba3 Bxa3 20. Rxa3 Ne4 21. Kh2 Kh7 22. g4 Rg8 23. Rg1 Qe7 24. Raa1 g6 25. Rg2 Rg7 26. Rag1 Rag8 27. gxf5 gxf5 28. Qh5 Rxg2+ 29. Rxg2 Rxg2+ 30. Kxg2 Qg7+ 31. Ng4 Nf6 32. Qh4 fxg4 33. hxg4 Qxg4+ 34. Qxg4 Nxg4 0-1

[Event "Novokuznetsk Siberia-ch"]
[Site "Novokuznetsk"]
[Date "2013.03.23"]
[Round "3"]
[White "Bahturin, Konstantin"]
[Black "Bochkarev, Semen"]
[Result "1/2-1/2"]
[WhiteElo "2140"]
[BlackElo "1975"]
[PlyCount "60"]
[EventDate "2013.03.21"]
[EventType "swiss"]
[EventRounds "9"]
[EventCountry "RUS"]
[SourceTitle "CBM 153 Extra"]
[Source "ChessBase"]
[SourceDate "2013.04.22"]
[SourceVersion "1"]
[SourceVersionDate "2013.04.22"]
[SourceQuality "1"]

1. d4 d5 2. c4 e5 3. dxe5 d4 4. Nf3 Nc6 5. Bg5 Be7 6. Bxe7 Ngxe7 7. Nbd2 Bg4 8. g3 Ng6 9. Bg2 Ngxe5 10. Nxe5 Nxe5 11. 0-0 0-0 12. h3 Be6 13. b3 Qd7 14. Kh2 Rad8 15. Ne4 Rfe8 16. Nc5 Qe7 17. Nxe6 Qxe6 18. Qd2 Nc6 19. Rfe1 Qf6 20. Kg1 h6 21. Rad1 Qe5 22. h4 Qe7 23. Qb2 Qc5 24. Bd5 Rd6 25. Qd2 Red8 26. Bg2 Qf5 27. Qd3 Qf6 28. Qd2 Qf5 29. Qd3 Qf6 30. Qd2 Qf5 1/2-1/2

[Event "Angarsk op"]
[Site "Angarsk"]
[Date "2011.10.24"]
[Round "3"]
[White "Kiselyov, Sergey Y"]
[Black "Bahturin, Konstantin"]
[Result "1-0"]
[WhiteElo "2027"]
[BlackElo "2133"]
[PlyCount "89"]
[EventDate "2011.10.23"]
[EventType "swiss"]
[EventRounds "9"]
[EventCountry "RUS"]
[SourceTitle "EXT 2012"]
[Source "ChessBase"]
[SourceDate "2011.11.24"]
[SourceVersion "1"]
[SourceVersionDate "2011.11.24"]
[SourceQuality "1"]

1. e4 e5 2. Nf3 Nc6 3. d4 exd4 4. Nxd4 d6 5. Bc4 Nf6 6. Nc3 Be7 7. 0-0 0-0 8. f3 Nxd4 9. Qxd4 c6 10. a4 b6 11. Kh1 Qc7 12. Bg5 Rd8 13. Rad1 Bb7 14. Bb3 Ne8 15. Be3 Bf6 16. Qd2 Bc8 17. g4 Qe7 18. g5 Be5 19. Rfe1 Be6 20. Qg2 Bxc3 21. bxc3 Bxb3 22. cxb3 d5 23. exd5 Rxd5 24. Rxd5 cxd5 25. Qg3 Qd7 26. Bf4 g6 27. Be5 Ng7 28. Bxg7 Kxg7 29. Qe5+ Kg8 30. Rd1 Re8 31. Rxd5 Qc8 32. Qd4 Qh3 33. Qd1 Qh4 34. Rd8 Rxd8 35. Qxd8+ Kg7 36. Qf6+ Kf8 37. Qd8+ Kg7 38. Qd4+ Qxd4 39. cxd4 f6 40. gxf6+ Kxf6 41. Kg2 Kf5 42. Kg3 h6 43. h4 a5 44. Kg2 Kf4 45. Kf2 1-0

[Event "Sibiria Region-ch"]
[Site "Irkutsk"]
[Date "2010.05.20"]
[Round "7"]
[White "Bahturin, Konstantin"]
[Black "Fellenger, Alexander"]
[Result "1/2-1/2"]
[WhiteElo "2154"]
[BlackElo "2102"]
[PlyCount "24"]
[EventDate "2010.05.15"]
[EventType "swiss"]
[EventRounds "9"]
[EventCountry "RUS"]
[SourceTitle "CBM 136 Extra"]
[Source "ChessBase"]
[SourceDate "2010.07.02"]
[SourceVersion "2"]
[SourceVersionDate "2010.07.15"]
[SourceQuality "1"]

1. d4 f5 2. c4 Nf6 3. Nc3 g6 4. e3 Bg7 5. Nf3 d6 6. Bd3 Nc6 7. d5 Ne5 8. Be2 0-0 9. 0-0 Nxf3+ 10. Bxf3 Rb8 11. Rb1 e5 12. dxe6 Bxe6 1/2-1/2

[Event "Sibiria Region-ch"]
[Site "Irkutsk"]
[Date "2010.05.16"]
[Round "3"]
[White "Bahturin, Konstantin"]
[Black "Tilicheev, Viacheslav"]
[Result "0-1"]
[WhiteElo "2154"]
[BlackElo "2335"]
[PlyCount "98"]
[EventDate "2010.05.15"]
[EventType "swiss"]
[EventRounds "9"]
[EventCountry "RUS"]
[SourceTitle "CBM 136 Extra"]
[Source "ChessBase"]
[SourceDate "2010.07.02"]
[SourceVersion "2"]
[SourceVersionDate "2010.07.15"]
[SourceQuality "1"]

1. d4 Nf6 2. c4 e6 3. Nc3 Bb4 4. Bd2 b6 5. Nf3 Bb7 6. e3 0-0 7. Bd3 c5 8. a3 cxd4 9. axb4 dxc3 10. Bxc3 d5 11. 0-0 Nbd7 12. Ne5 Nxe5 13. Bxe5 Nd7 14. Bg3 Qe7 15. cxd5 Bxd5 16. e4 Bb7 17. Bb5 Rfd8 18. Bc7 Rdc8 19. Bd6 Qd8 20. f3 Nf8 21. Bg3 Qg5 22. Bd3 e5 23. Qe2 Ng6 24. Rad1 h5 25. Qd2 Qf6 26. h3 Nf4 27. Rfe1 Qg5 28. Bxf4 exf4 29. b5 Rd8 30. Qf2 Qe5 31. Bc4 Rac8 32. b3 g5 33. Kh2 g4 34. Qh4 g3+ 35. Kh1 Rxd1 36. Rxd1 Kg7 37. Kg1 a6 38. bxa6 Bc6 39. Kf1 f6 40. Rd2 Bb5 41. Ke2 Rxc4 42. bxc4 Bxc4+ 43. Kd1 Bb3+ 44. Ke2 Qb5+ 45. Ke1 Qc6 46. Ke2 Qc4+ 47. Rd3 Qc2+ 48. Rd2 Bc4+ 49. Ke1 Qc1+ 0-1

[Event "Sibiria Region-ch"]
[Site "Irkutsk"]
[Date "2009.05.15"]
[Round "8"]
[White "Bahturin, Konstantin"]
[Black "Mokhov, Leonid"]
[Result "1/2-1/2"]
[WhiteElo "2102"]
[BlackElo "2161"]
[PlyCount "124"]
[EventDate "2009.05.10"]
[EventType "swiss"]
[EventRounds "9"]
[EventCountry "RUS"]
[SourceTitle "CBM 130 Extra"]
[Source "ChessBase"]
[SourceDate "2009.07.02"]
[SourceVersion "2"]
[SourceVersionDate "2009.07.15"]
[SourceQuality "1"]

1. d4 Nf6 2. c4 c6 3. Nc3 d5 4. e3 g6 5. Nf3 Bg7 6. Qb3 0-0 7. Bd2 e6 8. Rd1 Nbd7 9. a4 Re8 10. Be2 Ne4 11. Bc1 f5 12. 0-0 Qb6 13. Qc2 Qb4 14. Bd2 Qe7 15. Ne1 Ndf6 16. f4 Bd7 17. Nf3 Red8 18. Ne5 Be8 19. Be1 h6 20. Nxe4 Nxe4 21. cxd5 exd5 22. b4 a6 23. Rc1 Bf6 24. Bd3 h5 25. Qb3 Kg7 26. Qd1 Rac8 27. Qe2 Nd6 28. g3 Bd7 29. h4 b5 30. a5 Nc4 31. Kg2 Be6 32. Bc3 Rc7 33. Qe1 Qf8 34. Rb1 Be7 35. Kh2 Nxe5 36. fxe5 Kf7 37. Kg2 Qg8 38. Kf2 Rf8 39. Ke2 Ke8 40. Kd2 g5 41. Qe2 Qh8 42. Qh2 Bd8 43. Rf2 gxh4 44. Rbf1 Rcf7 45. Kc2 Kd7 46. Bd2 Be7 47. Kb2 Qh7 48. Bb1 Kc7 49. Rc1 Qg6 50. gxh4 Kb7 51. Rf4 Rc8 52. Qf2 Bf8 53. Qe2 Bh6 54. Rff1 Rff8 55. Rc5 Rf7 56. Rcc1 Qh7 57. Bd3 Rff8 58. Rc2 Qd7 59. Rc5 Qe8 60. Rc2 Rf7 61. Rc5 Bf8 62. Rcc1 Qd7 1/2-1/2

[Event "Sibiria Region-ch"]
[Site "Irkutsk"]
[Date "2009.05.12"]
[Round "4"]
[White "Bahturin, Konstantin"]
[Black "Chernikov, Vladislav"]
[Result "1-0"]
[WhiteElo "2102"]
[BlackElo "1924"]
[PlyCount "125"]
[EventDate "2009.05.10"]
[EventType "swiss"]
[EventRounds "9"]
[EventCountry "RUS"]
[SourceTitle "CBM 130 Extra"]
[Source "ChessBase"]
[SourceDate "2009.07.02"]
[SourceVersion "2"]
[SourceVersionDate "2009.07.15"]
[SourceQuality "1"]

1. d4 d5 2. c4 e6 3. Nc3 Nf6 4. Bg5 Be7 5. e3 0-0 6. Nf3 h6 7. Bh4 b6 8. Qc2 Bb7 9. Bxf6 Bxf6 10. cxd5 exd5 11. Be2 Nd7 12. 0-0 c5 13. Rfd1 cxd4 14. Nxd4 Rc8 15. Bg4 Rc5 16. Bxd7 Qxd7 17. Qd2 Rd8 18. Rac1 a6 19. h3 b5 20. Nb3 Rcc8 21. Ne4 Be5 22. f4 Bb8 23. Nbc5 Qe7 24. Nxb7 Qxb7 25. Rxc8 Qxc8 26. Nc3 d4 27. exd4 Qc7 28. Ne2 Re8 29. b3 Qe7 30. Nc3 Qe3+ 31. Kf1 Qxd2 32. Rxd2 Bxf4 33. Rd3 Kf8 34. a4 b4 35. Nd5 Bd6 36. Nb6 Rd8 37. Nc4 Bc7 38. Ke2 Ke7 39. Re3+ Kd7 40. Kf3 f6 41. Ke4 Ke6 42. Kf3+ Kf7 43. Rd3 f5 44. d5 Kf6 45. d6 Bb8 46. Rd5 Rd7 47. Ra5 Ra7 48. Rc5 Ke6 49. Re5+ Kf7 50. Rxf5+ Ke8 51. Re5+ Kd8 52. Ke4 Rf7 53. Rf5 Rxf5 54. Kxf5 Kd7 55. Ke5 h5 56. Kd5 Ba7 57. Ne5+ Ke8 58. Ke6 Bb6 59. Nc6 g5 60. g4 hxg4 61. hxg4 a5 62. d7+ Kf8 63. d8Q+ 1-0